Architecture in detail / (Record no. 352268)
[ view plain ]
| 000 -LEADER | |
|---|---|
| fixed length control field | 02198 a2200253 4500 |
| 003 - CONTROL NUMBER IDENTIFIER | |
| control field | OSt |
| 005 - DATE AND TIME OF LATEST TRANSACTION | |
| control field | 20180116192328.0 |
| 008 - FIXED-LENGTH DATA ELEMENTS--GENERAL INFORMATION | |
| fixed length control field | 120419t xxu||||| |||| 00| 0 eng d |
| 020 ## - INTERNATIONAL STANDARD BOOK NUMBER | |
| International Standard Book Number | 0750685859 (paperback) |
| 020 ## - INTERNATIONAL STANDARD BOOK NUMBER | |
| International Standard Book Number | 9780750685856 (paperback) |
| 040 ## - CATALOGING SOURCE | |
| Transcribing agency | 0 |
| 082 04 - DEWEY DECIMAL CLASSIFICATION NUMBER | |
| Classification number | 720 |
| 100 1# - MAIN ENTRY--PERSONAL NAME | |
| Personal name | Bizley, Graham. |
| 9 (RLIN) | 872 |
| 245 10 - TITLE STATEMENT | |
| Title | Architecture in detail / |
| Statement of responsibility, etc. | Graham Bizley. |
| 260 ## - PUBLICATION, DISTRIBUTION, ETC. | |
| Place of publication, distribution, etc. | Amsterdam |
| Name of publisher, distributor, etc. | Architectural Press, |
| Date of publication, distribution, etc. | 2007. |
| 300 ## - PHYSICAL DESCRIPTION | |
| Extent | 200 p. ; |
| Dimensions | 28 cm. |
| 500 ## - GENERAL NOTE | |
| General note | Includes index |
| 520 ## - SUMMARY, ETC. | |
| Summary, etc. | This book is a collection of detailed studies of recent construction projects that will help all architects learn and expand the possibilities of their own work. Projects have been selected for their use of innovative techniques, and these insights could help overcome problems, reduce a project's cost, speed up work on site or help with an idea that is hard to achieve. Each project within the book consists of striking detailed drawings, supplemented by color photographs and explanatory text. These details are an excellent way to see how others are using new materials and techniques that may be relevant to an architect's own work. It can seem daunting for a student, or even a qualified architect, to see high-quality, interesting buildings when the project or daily workload is a lot more humdrum. This book demystifies construction and spreads knowledge of good practice. The author is well known as he has a biweekly feature in Building Design, the UK's most read magazine by architects. The projects have been carefully selected from those published and have been adapted and expanded to create a really useful reference. * 3-dimensional detail drawings demystify innovative construction projects and help to spread knowledge * Detailed information of 40 innovative projects help architects overcome a multitude of problems they may be facing * Color photographs and drawings provide inspiration. |
| 650 ## - SUBJECT ADDED ENTRY--TOPICAL TERM | |
| Topical term or geographic name entry element | Architecture |
| General subdivision | Details |
| 9 (RLIN) | 873 |
| 650 ## - SUBJECT ADDED ENTRY--TOPICAL TERM | |
| Topical term or geographic name entry element | Building |
| General subdivision | Details |
| 9 (RLIN) | 874 |
| 856 40 - ELECTRONIC LOCATION AND ACCESS | |
| Materials specified | Amazon.com |
| Uniform Resource Identifier | <a href="http://www.amazon.com/exec/obidos/ASIN/0750685859/chopaconline-20">http://www.amazon.com/exec/obidos/ASIN/0750685859/chopaconline-20</a> |
| 942 ## - ADDED ENTRY ELEMENTS (KOHA) | |
| Institution code [OBSOLETE] | SADA |
| Koha item type | Book |
| Call number prefix | 720 BIZ 2007 |
| Source of classification or shelving scheme | |
| Withdrawn status | Lost status | Source of classification or shelving scheme | Damaged status | Not for loan | Permanent Location | Current Location | Date acquired | Total Checkouts | Total Renewals | Full call number | Barcode | Date last seen | Date last checked out | Cost, replacement price | Price effective from | Koha item type |
|---|---|---|---|---|---|---|---|---|---|---|---|---|---|---|---|---|
| School of Art Design and Architecture (SADA) | School of Art Design and Architecture (SADA) | 10/01/2010 | 3 | 3 | 720 BIZ 2007 | SADA0000299 | 12/19/2014 | 12/19/2014 | 3552.00 | 08/05/2011 | Book |
